000 00636nam a2200205Ii 4500
003 JO-AjNU
008 230605s9999||||xx |||||||||||||| ||und||
017 _a2009/11/4949
040 _aJO-AjNU
_bara
_erda
_cJO-AjNU
041 _aara
050 1 4 _aPJ7852.A44.A14 2009
100 3 _aتأليف النحاس،سالم,
_eauthor
_923028
245 0 0 _aوأنت يا مادبا: قصص (1979)
264 3 1 _aعمان:وزارة الثقافة،2009
300 _a58ص
336 _atext
_btxt
_2rdacontent
337 _aunmediated
_bn
_2rdamedia
338 _avolume
_bnc
_2rdacarrier
650 4 _aالأدب العربي - قصص
_923029
999 _aA8267
_c11835
_d11835